| 000 | 01816nam0a2200361 4500 | ||
|---|---|---|---|
| 001 | RU\NLR\bibl\1528515 | ||
| 005 | 20260408195746.0 | ||
| 010 |
_a978-5-86295-220-9 _91000 |
||
| 021 |
_aRU _b2010-39173 _92620 |
||
| 035 | _a(NLR Aleph) 001519852 | ||
| 090 |
_a133462 _c133462 |
||
| 100 | _a20100628d2010 |||y0rusy50 ca | ||
| 101 | 0 | _arus | |
| 102 | _aRU | ||
| 105 | _aach ||||||||| | ||
| 200 | 1 |
_aОсобая война _eСМЕРШ против Абвера _e[повесть] _fВасилий Журахов |
|
| 210 |
_aБелгород _cВезелица _d2010 |
||
| 215 |
_a151 с. _cил., факс., портр. _d21 |
||
| 300 | _aНа 2-й с. авт.: полковник Журахов В.М. | ||
| 601 | 0 | 1 |
_aСССР _bНародный комиссариат обороны _bГлавное управление контрразведки "СМЕРШ" _92288474 _3RU\NLR\auth\661370684 |
| 601 | 0 | 2 |
_aАбвер _92156522 _3RU\NLR\auth\661298216 |
| 606 |
_aВеликая Отечественная война _z1941 - 1945 _xКонтрразведка советская _3RU\NLR\auth\661406304 _92354246 |
||
| 686 | _aШ6(2=Р)8-446 | ||
| 686 | _aЦ35(2)722-232,1 | ||
| 686 | _aЦ2,8(4Г)32 | ||
| 700 | 1 |
_aЖурахов _bВ. М. _gВасилий Михайлович _4070 |
|
| 801 | 0 |
_aRU _bNLR _c20100628 _gRCR |
|
| 801 | 1 |
_aRU _bNLR _c20100628 |
|
| 942 | _cBOOK | ||
| 980 | _aNB | ||